| 000 | 00760nam a2200217Ia 4500 | ||
|---|---|---|---|
| 003 | GCL | ||
| 008 | 140319s9999 xx 000 0 ara d | ||
| 020 | _a5123215977 | ||
| 040 |
_aGCL / _cGCL |
||
| 082 | 0 | 4 |
_a224.2 _bخ م |
| 100 | 1 | _aخضر عبدالسلام حسن ابوطالب | |
| 245 | 1 | 0 |
_aمن فيض الرحمن فى بلاغة النحو فى القران / _cخضر عبدالسلام حسن ابوطالب |
| 260 |
_aالقاهرة : _bدار غريب للطباعة والنشر والتوزيع ، _c1994 |
||
| 300 |
_a531 ص ؛ _c24 سم |
||
| 650 | 0 | 4 | _aالاسلام |
| 650 | 0 | 4 | _aاعراب القرأن |
| 650 | 0 | 4 | _aالقران - بلاغة |
| 650 | 0 | 4 | _aالقران - الفاظ |
| 650 | 0 | 4 | _aالقران |
| 942 |
_2ddc _cBK |
||
| 999 |
_c30461 _d30461 |
||